01135nam a22003011 450000100060000000300080000600500170001400800400003103500190007104000380009004100080012808200200013624501190015626000740027530000340034949000420038350000190042550400430044450400200048765000350050765000350054265000270057770000370060470000630064171000800070483000430078483000060082735695BD-RjUL20211209052350.0140529r19671963njua b 101 0 engm a(BD-RjUL)35790 aDLCcDLCdm.c.dMYGdBD-RjULbeng aeng a302.2bCOM 196710aCommunications and political development /cEdited by Lucian W. Pye ; Contributors: Frederick W. Frey ... [et al.] aPrinceton, N.J. :bPrinceton University Press,cc1963 [Printing 1967] axiv, 381 p. :bIll. ;c25 cm.1 aStudies in political development ;v1 aIncludes Index a"A selected bibliography": p. 351-368. aIncludes Index. 0aCommunicationxSocial aspects. 0aPublic relations and politics. 0aPolitical development.1 aPye, Lucian W. , ed.d1921-2008.1 aFrey, Frederick W. q(Frederick Ward) , ...[et al.]d1929-2 aSocial Science Research Council (U.S.).bCommittee on Comparative Politics. 0aStudies in political development ;v1. 0a;